[Event "Prague Summer op-B 7th"]
[Site "Prague"]
[Date "2020.08.09"]
[Round "3"]
[White "Arnold, Frieda"]
[Black "Arnold, Lorin"]
[Result "1/2-1/2"]
[WhiteElo "1789"]
[BlackElo "1680"]
[PlyCount "62"]
[EventDate "2020.08.08"]
[EventType "swiss"]
[EventRounds "9"]
[EventCountry "CZE"]
[SourceTitle "EXT 2021"]
[Source "ChessBase"]
[SourceDate "2020.10.23"]
[SourceVersion "1"]
[SourceVersionDate "2020.10.23"]
[SourceQuality "1"]

1. e4 c5 2. Nf3 Nc6 3. c3 e6 4. d4 d5 5. exd5 exd5 6. Be3 c4 7. b3 Be6 8. a4 cxb3 9. Qxb3 Qc7 10. Na3 a6 11. Be2 Nf6 12. 0-0 Bd6 13. h3 0-0 14. c4 Rac8 15. Qd3 Qd7 16. cxd5 Nxd5 17. Nc4 Bf5 18. Qd2 Bb4 19. Nce5 Bxd2 20. Nxd7 Bxd7 21. Bxd2 Rfe8 22. Rfe1 Ndb4 23. Bf1 Nc2 24. Rxe8+ Rxe8 25. Rb1 N6xd4 26. Nxd4 Nxd4 27. Rxb7 Bxa4 28. Bxa6 Nb3 29. Rb4 Nxd2 30. Rxa4 Ne4 31. Bb7 Nc5 1/2-1/2